[Event "Bruges Masters"]
[Site "Bruges"]
[Date "2019.08.12"]
[Round "3"]
[White "Dauw, Sterre"]
[Black "Quesada Vera, Liordis"]
[Result "0-1"]
[WhiteElo "2148"]
[BlackElo "2397"]
[PlyCount "132"]
[EventDate "2019.08.11"]
[EventType "swiss"]
[EventRounds "9"]
[EventCountry "BEL"]
[SourceTitle "CBM 191 Extra"]
[Source "ChessBase"]
[SourceDate "2019.09.30"]
[SourceVersion "1"]
[SourceVersionDate "2019.09.30"]
[SourceQuality "1"]

1. d4 d6 2. e4 Nf6 3. Nc3 Nbd7 4. Nf3 e5 5. Bc4 Be7 6. 0-0 0-0 7. a4 c6 8. a5 Nxe4 9. Nxe4 d5 10. Bb3 dxe4 11. Nxe5 Nxe5 12. dxe5 Qc7 13. Bf4 Bf5 14. Qe2 Bd8 15. Qe3 Qe7 16. Qg3 Re8 17. Rfd1 Kh8 18. a6 b5 19. Rd6 Rc8 20. c4 Qf8 21. Qe3 Bb6 22. c5 Bd8 23. Rc1 Be7 24. Rdd1 Rcd8 25. Qc3 Rxd1+ 26. Rxd1 Rd8 27. Rxd8 Qxd8 28. h3 Be6 29. Bc2 Qd5 30. Be3 Bd8 31. Qb4 Bf5 32. Qd4 Qxd4 33. Bxd4 Kg8 34. g4 Bg6 35. Kg2 Ba5 36. Kg3 e3 37. Bd1 exf2 38. Kxf2 Be4 39. Bb3 Kf8 40. e6 f6 41. h4 Ke7 42. g5 Bd2 43. gxf6+ gxf6 44. Be3 Bb4 45. h5 Bf5 46. h6 Bxe6 47. Bc2 f5 48. Kg3 Kf6 49. Kf4 Bc8 50. Bd4+ Kg6 51. Ke5 Bd2 52. Kd6 Bxh6 53. Kxc6 Bxa6 54. Bd3 Bf4 55. Bxb5 Bc8 56. Kd5 h5 57. Be8+ Kg5 58. c6 h4 59. Bxa7 h3 60. Bg1 h2 61. Bxh2 Bxh2 62. b4 Kf6 63. b5 Ke7 64. Bh5 Be6+ 65. Kc5 Bg1+ 66. Kb4 Bb6 0-1

[Event "Charleroi op"]
[Site "Roux"]
[Date "2019.08.03"]
[Round "9"]
[White "Hoffmeister, Frank"]
[Black "Dauw, Sterre"]
[Result "1-0"]
[WhiteElo "2187"]
[BlackElo "2148"]
[PlyCount "49"]
[EventDate "2019.07.27"]
[EventType "swiss"]
[EventRounds "9"]
[EventCountry "BEL"]
[SourceTitle "CBM 191 Extra"]
[Source "ChessBase"]
[SourceDate "2019.09.30"]
[SourceVersion "1"]
[SourceVersionDate "2019.09.30"]
[SourceQuality "1"]

1. d4 Nf6 2. c4 g6 3. Nc3 d5 4. Nf3 Bg7 5. Bf4 0-0 6. e3 c5 7. dxc5 Qa5 8. Rc1 dxc4 9. Bxc4 Qxc5 10. Bb3 Qa5 11. 0-0 Nc6 12. h3 Bf5 13. Qe2 Ne4 14. Nd5 e5 15. Bg5 Nxg5 16. Nxg5 h6 17. Rxc6 hxg5 18. Rd6 Kh7 19. Ne7 Be4 20. Qg4 Bc6 21. Qxg5 Qb4 22. Rxg6 fxg6 23. Qxg6+ Kh8 24. Qh5+ Bh6 25. Qxh6# 1-0